Statistics for Five Random Countries by Continent #2

Click here to take the quiz!

General Stats

  • This quiz has been taken 292 times
  • The average score is 11 of 30

Answer Stats

Continent Country % Correct
North AmericaCanada
71%
South AmericaChile
70%
South AmericaSuriname
70%
South AmericaPeru
69%
South AmericaParaguay
68%
South AmericaVenezuela
66%
OceaniaNauru
64%
OceaniaNew Zealand
63%
OceaniaTuvalu
59%
OceaniaMarshall Islands
58%
OceaniaKiribati
56%
North AmericaDominica
43%
North AmericaBelize
42%
EuropeIceland
37%
North AmericaBarbados
37%
North AmericaEl Salvador
37%
EuropeLuxembourg
27%
EuropeBelarus
24%
EuropeMontenegro
19%
AfricaNigeria
19%
AsiaEast Timor
18%
AsiaMongolia
14%
AfricaBurundi
12%
EuropeCzech Republic
12%
AfricaGuinea-Bissau
12%
AfricaSwaziland
11%
AfricaSeychelles
11%
AsiaSaudi Arabia
11%
AsiaKyrgyzstan
10%
AsiaKuwait
10%

Score Distribution

Percentile by Number Answered

Percent of People with Each Score

Your Score History

You have not taken this quiz